| 000 | 00892cam a2200265 i 4500 | ||
|---|---|---|---|
| 001 | 18279199 | ||
| 005 | 20180228032440.0 | ||
| 008 | 140825s2015 nyua b 001 0 eng | ||
| 010 | _a 2014029430 | ||
| 020 | _a9780415640275 (hardback) | ||
| 020 | _a9780415640282 (pbk.) | ||
| 020 | _z9780203082843 (ebook) | ||
| 040 |
_aDLC _beng _cDLC _erda _dDLC |
||
| 041 | _aeng | ||
| 042 | _apcc | ||
| 080 | _a658.45 PET | ||
| 082 | 0 | 0 |
_a658.45 PET _223 |
| 100 | 1 | _a50 | |
| 101 | _aBUS | ||
| 245 | 1 | 0 |
_aBusiness communication : _cPeter Hartley and Peter Chatterton. |
| 504 | _aIncludes bibliographical references (pages 310-320) and index. | ||
| 906 |
_a7 _bcbc _corignew _d1 _eecip _f20 _gy-gencatlg |
||
| 942 |
_2ddc _cBK |
||
| 999 |
_c43668 _d43668 |
||